| 000 | 01330nam a22002657a 4500 | ||
|---|---|---|---|
| 005 | 20251017150019.0 | ||
| 008 | 251017t2025 xxk|||||o|||| 00| 0 eng d | ||
| 020 | _a9781783215645 | ||
| 041 | _aeng | ||
| 110 | _aRoyal Institution of Chartered Surveyors | ||
| 245 |
_aFlooding and its implications for property professionals _h[Electronic resource] |
||
| 250 | _a1st ed | ||
| 260 |
_aLondon, _bRoyal Institution of Chartered Surveyors, _cOctober 2025 |
||
| 300 | _a25p. | ||
| 490 | _aRICS Practice Information | ||
| 520 | _aThe purpose of this document is therefore to raise awareness among all members of RICS and to highlight the following: aspects of flooding that may be important to different areas of professional practice the constant need to take a broad and strategic view of the risks that arise from flooding, and the different approaches that may be helpful in reducing or mitigating these risks. | ||
| 650 | _aFLOODING | ||
| 650 | _aPROPERTY FLOOD RESILIENCE | ||
| 651 | _aUnited Kingdom | ||
| 690 |
_aEnvironment _96238 |
||
| 700 | _aCowap, Charles | ||
| 710 | _aRoyal Institution of Chartered Surveyors | ||
| 856 |
_uhttps://www.rics.org/content/dam/ricsglobal/documents/research/Flooding-and-its-implications-for-property-professionals-October-2025.pdf _zAvailable on RICS.org |
||
| 942 | _n0 | ||
| 999 |
_c122216 _d122216 |
||